000 00750nam a2200205Ii 4500
003 JO-AjNU
008 230605s9999||||xx |||||||||||||| ||und||
017 _a2011/6/3556
040 _aJO-AjNU
_bara
_erda
_cJO-AjNU
041 _aara
050 1 4 _aJS3325 2011
100 3 _aالمحيسن، زيد أحمد,
_eauthor
_950157
245 0 0 _aالإدارة المحلية: اللامركزية الاقليمية: مثال تطبيقي أمانة عمان الكبرى
264 3 1 _aعمان: المؤلف، 2011
300 _a99ص
336 _atext
_btxt
_2rdacontent
337 _aunmediated
_bn
_2rdamedia
338 _avolume
_bnc
_2rdacarrier
650 4 _aالادارة المحلية - امانة عمان الكبرى - الاردن
_950158
999 _aA22077
_c25645
_d25645